| 000 | 00840cam a22002533a 4500 | ||
|---|---|---|---|
| 001 | 21516 | ||
| 003 | PGUSA | ||
| 005 | 20140828083446.0 | ||
| 008 | 070517s2007||||xxu|||||s|||||000 | eng d | ||
| 040 |
_aPGUSA _beng |
||
| 042 | _adc | ||
| 050 | 4 | _aSB | |
| 245 | 1 | 0 |
_aNorthern Nut Growers Association Report of the Proceedings at the Forty-Second Annual Meeting : _bUrbana, Illinois, August 28, 29 and 30, 1951 _h[electronic resource] |
| 260 |
_bProject Gutenberg, _c2007 |
||
| 506 | _aPublic domain in the USA. | ||
| 516 | _aElectronic text | ||
| 653 | _aNuts -- Periodicals | ||
| 653 | _aNut trees -- Periodicals | ||
| 653 | _aNorthern Nut Growers Association -- Periodicals | ||
| 700 | 1 | _aNorthern Nut Growers Association | |
| 830 | 0 |
_aProject Gutenberg _v21516 |
|
| 856 | 4 | 0 | _uhttp://www.gutenberg.org/ebooks/21516 |
| 942 | _cEB | ||
| 999 |
_c250771 _d250771 |
||